|
|
|
|
| LEADER |
02496nam a2200433 a 4500 |
| 001 |
35770963 |
| 003 |
BD-DhAAL |
| 005 |
20240102130549.0 |
| 008 |
091230s1997 enk b 001 0 eng d |
| 010 |
|
|
|a 96047238
|
| 020 |
|
|
|a 984051399x (Bangladesh-pbk)
|
| 020 |
|
|
|a 1856491412
|
| 020 |
|
|
|a 1856491420 (pbk.)
|
| 020 |
|
|
|a 1895686865 (Canada : pbk.)
|
| 020 |
|
|
|a 086486342X (Southern Africa : pbk.)
|
| 040 |
|
|
|a DLC
|c DLC
|d C#P
|d UKM
|d NLC
|d ORE
|d BD-DhAAL
|
| 082 |
0 |
0 |
|a 305.42091724
|2 21
|
| 245 |
0 |
4 |
|a The women, gender, and development reader /
|c edited by Nalini Visvanathan (co-ordinator) ; Lynn Duggan, Laurie Nisonoff, and Nan Wiegersma.
|
| 260 |
|
|
|a London ;
|a Atlantic Highlands, N.J.;
|a Dhaka :
|b University Press Ltd.,
|c 1997.
|
| 300 |
|
|
|a xiii, 396 pages ;
|c 24 cm.
|
| 504 |
|
|
|a Includes bibliographical references and index.
|
| 541 |
1 |
|
|a Complimentary copy from Professor Dr. Nasreen Khundker
|e 00006095, 42022
|
| 650 |
|
0 |
|a Women in development.
|
| 650 |
|
0 |
|a Women
|x Social conditions.
|
| 650 |
|
0 |
|a Women
|x Economic conditions.
|
| 650 |
|
0 |
|a Women
|z Developing countries.
|
| 700 |
1 |
|
|a Visvanathan, Nalini,
|d 1945-
|9 55884
|
| 700 |
1 |
|
|a Duggan, Lynn,
|d 1956-
|9 55885
|
| 700 |
1 |
|
|a Nisonoff, Laurie,
|d 1949-
|9 55886
|
| 700 |
1 |
|
|a Wiegersma, Nancy.
|9 55887
|
| 852 |
4 |
|
|a Ayesha Abed Library
|j General Shelf.
|
| 942 |
|
|
|2 ddc
|c BK
|
| 999 |
|
|
|c 6550
|d 6550
|
| 952 |
|
|
|0 0
|1 0
|2 ddc
|4 0
|6 305_420917240000000_WOM_1997
|7 0
|9 6660
|a BRACUL
|b BRACUL
|c GEN
|d 2009-12-31
|g 400.00
|l 2
|m 1
|o 305.42091724 WOM
|p 3010006095
|r 2026-03-01
|s 2026-02-22
|t 1
|v 800.00
|w 2009-12-31
|y BK
|
| 952 |
|
|
|0 0
|1 0
|2 ddc
|4 0
|6 305_420917240000000_WOM_1997
|7 0
|9 6975
|a BRACUL
|b BRACUL
|c GEN
|d 2010-01-07
|l 5
|m 4
|o 305.42091724 WOM
|p 3010006096
|r 2023-11-12
|s 2023-09-24
|t 2
|w 2010-01-07
|y BK
|
| 952 |
|
|
|0 0
|1 0
|2 ddc
|4 0
|6 305_420917240000000_WOM
|7 0
|9 7320
|a BRACUL
|b BRACUL
|c GEN
|d 2010-01-19
|l 3
|m 12
|o 305.42091724 WOM
|p 3010006120
|q 2026-01-19
|r 2025-10-15
|s 2025-10-15
|t 6
|w 2010-01-19
|y BK
|
| 952 |
|
|
|0 0
|1 0
|2 ddc
|4 0
|6 305_420917240000000_WOM
|7 0
|9 7642
|a BRACUL
|b BRACUL
|c GEN
|d 2010-01-31
|g 500.00
|l 2
|m 2
|o 305.42091724 WOM
|p 3010013374
|r 2012-09-16
|s 2012-04-25
|t 3
|w 2010-01-31
|y BK
|
| 952 |
|
|
|0 0
|1 0
|2 ddc
|4 0
|6 305_420917240000000_WOM
|7 0
|9 43110
|a SCL
|b SCL
|c GEN
|d 1999-01-03
|g 500.00
|l 0
|o 305.42091724 WOM
|p 3020001278
|r 2014-07-14
|t 4
|w 2014-07-14
|y BK
|
| 952 |
|
|
|0 0
|1 0
|2 ddc
|4 0
|6 305_420917240000000_WOM
|7 0
|9 74899
|a BRACUL
|b BRACUL
|c GEN
|d 2024-01-02
|e Complimentary copy from Professor Dr. Nasreen Khundker
|g 500.00
|l 0
|o 305.42091724 WOM
|p 3010042022
|r 2024-01-02
|t 5
|w 2010-01-31
|y BK
|